Politics , society and development : (Record no. 72183)

MARC details
000 -LEADER
fixed length control field 00946nam a22002537a 4500
005 - DATE AND TIME OF LATEST TRANSACTION
control field 2012121407467.0
008 - FIXED-LENGTH DATA ELEMENTS--GENERAL INFORMATION
fixed length control field 121214t xxu||||| |||| 00| 0 eng d
010 ## - LCCN (DPL NO)
LC control number ENG-106447
020 ## - INTERNATIONAL STANDARD BOOK NUMBER
International Standard Book Number 9788178359311
Terms of availability 950.00
035 ## - SYSTEM CONTROL NUMBER
System control number EN-89980
037 ## - SOURCE OF ACQUISITION
Source of stock number/acquisition DBAD/PUB
040 ## - CATALOGING SOURCE
Original cataloging agency DPL
Language of cataloging Eng
082 ## - DEWEY DECIMAL CLASSIFICATION NUMBER
Classification number 320.954167
100 ## - MAIN ENTRY--PERSONAL NAME
9 (RLIN) 54337
245 ## - TITLE STATEMENT
Title Politics , society and development :
Statement of responsibility, etc edited by Mohammad Yasin [and] Durga P. Chhetri
Remainder of title insights from Sikkim /
260 ## - PUBLICATION, DISTRIBUTION, ETC. (IMPRINT)
Place of publication, distribution, etc Delhi
Name of publisher, distributor, etc Kalpaz Publications
Date of publication, distribution, etc 2012
270 ## - ADDRESS
Address C-30, Satyawati Nagar
City Delhi
Postal code 110052
300 ## - PHYSICAL DESCRIPTION
Extent 323p.
Dimensions 23cm(Hb)
500 ## - GENERAL NOTE
General note Includes bibliographical references and index
700 ## - ADDED ENTRY--PERSONAL NAME
Personal name Mohammad Yasin
9 (RLIN) 54341
700 ## - ADDED ENTRY--PERSONAL NAME
Personal name Chhetri, Durga P.
9 (RLIN) 54342
942 ## - ADDED ENTRY ELEMENTS (KOHA)
Source of classification or shelving scheme Dewey Decimal Classification
Item type English Books
Classification part 320.954167
Call number suffix POL
Holdings
Withdrawn status Lost status Source of classification or shelving scheme Damaged status Not for loan Collection code Home library Current library Date acquired Source of acquisition Cost, normal purchase price Total Checkouts Full call number Barcode Date last seen Copy number Cost, replacement price Koha item type
    Dewey Decimal Classification   Not For Loan Non-fiction D.B.Act.Division D.B.Act.Division 14/12/2012 DBAD/PUB 950.00   320.954167 POL EN-89980 14/12/2012 1 950.00 English Books

© Delhi Public Library
Hit Counter
free hit counter